Patterns of entrepreneurship management / (Record no. 240921)
[ view plain ]
| 000 -LEADER | |
|---|---|
| fixed length control field | 03081nam a22002657a 4500 |
| 005 - DATE AND TIME OF LATEST TRANSACTION | |
| control field | 20260305152212.0 |
| 008 - FIXED-LENGTH DATA ELEMENTS--GENERAL INFORMATION | |
| fixed length control field | 260219b |||||||| |||| 00| 0 eng d |
| 020 ## - INTERNATIONAL STANDARD BOOK NUMBER | |
| International Standard Book Number | 9789354642289 |
| 040 ## - CATALOGING SOURCE | |
| Transcribing agency | AIMIT LIBRARY |
| 082 ## - DEWEY DECIMAL CLASSIFICATION NUMBER | |
| Edition number | 6 |
| Classification number | 338.04 |
| Item number | KAPJ |
| 100 ## - MAIN ENTRY--PERSONAL NAME | |
| Personal name | Kaplan, Jack M. |
| 9 (RLIN) | 255792 |
| 245 ## - TITLE STATEMENT | |
| Title | Patterns of entrepreneurship management / |
| Statement of responsibility, etc. | By Jack M. Kaplan and Jack. Mcgourty. |
| 250 ## - EDITION STATEMENT | |
| Edition statement | 6th ed. |
| 260 ## - PUBLICATION, DISTRIBUTION, ETC. | |
| Place of publication, distribution, etc. | New Delhi : |
| Name of publisher, distributor, etc. | Wiley India Pvt Ltd , |
| Date of publication, distribution, etc. | 2025. |
| 300 ## - PHYSICAL DESCRIPTION | |
| Extent | xxxiii,376,G12,I9 p.; |
| Other physical details | PB |
| Dimensions | 25.5 cm. |
| 500 ## - GENERAL NOTE | |
| General note | Patterns of Entrepreneurship Management, 6th Edition, is the essential roadmap for anyone interested in starting a new venture whether for-profit or social enterprise. Using its innovative “roadmap” approach, this practical guide enables students and aspiring entrepreneurs to design, execute, and maintain their business plan—covering every essential step of the entrepreneurial process, from turning an idea into a business model to securing funding and managing resources. |
| 504 ## - BIBLIOGRAPHY, ETC. NOTE | |
| Bibliography, etc. note | Part 1 Getting Started as an Entrepreneur<br/><br/>1 Understanding the Entrepreneurial Process<br/><br/>Introduction<br/>Profile: Wayne McVicker—A Typical Entrepreneur<br/>Profile: Narayana Murthy—An Example of an Indian Entrepreneur<br/>An Entrepreneurial Perspective<br/>Commonly Shared Entrepreneurial Characteristics<br/>Types of Entrepreneurs<br/>The Need to Control<br/>The Spider-Web Model<br/>Finding Early Mentors<br/>Managing Stress<br/>The Five-Stage Entrepreneurial Process<br/>The Growth of Entrepreneurial Companies<br/>So Why Become an Entrepreneur?<br/>Business Incubators<br/>Developing Your Entrepreneurial Management Skills<br/>2 Converting Ideas into Opportunities<br/><br/>Introduction<br/>Profile: Becky Minard and Paal Gisholt—Finding a Point of Pain<br/>Why Innovation Is Important?<br/>Definition and Types of Innovation<br/>Frameworks for Learning Innovation Skills<br/>Finding and Assessing Ideas and Opportunities<br/>The Evaluation Process for the Idea<br/>3 Framing and Testing the Business Model<br/><br/>Introduction<br/>Profile: Alexander Osterwalder—Inventor of Canvas Model<br/>Definition of Business Models<br/>The Business Model Canvas<br/>Testing Assumptions and Value Proposition<br/>Product-Market Fit<br/>Minimum Viable Product Concept<br/>Examples of Innovative Business Models<br/>Licensing and Franchising<br/>Models Built around Social Networks<br/>Social Media and Entrepreneurship<br/>Corporate Partnering<br/>Business Platforms<br/>4 Engaging Customers, Analyzing Competitors |
| 505 ## - FORMATTED CONTENTS NOTE | |
| Statement of responsibility | About the Author<br/>Jack M. Kaplan is an adjunct professor of entrepreneurial studies at Columbia Business School. During his career, Kaplan started and managed three successful companies, concentrating on smart card technology, health-care information systems, and loyalty marketing programs. He was president of Datamark Technologies, Inc. |
| 650 ## - SUBJECT ADDED ENTRY--TOPICAL TERM | |
| Topical term or geographic name entry element | Funding the venture |
| 9 (RLIN) | 255793 |
| 650 ## - SUBJECT ADDED ENTRY--TOPICAL TERM | |
| Topical term or geographic name entry element | Managing performance communication and people |
| 9 (RLIN) | 255794 |
| 650 ## - SUBJECT ADDED ENTRY--TOPICAL TERM | |
| Topical term or geographic name entry element | Social entrepreneurship and family business |
| 9 (RLIN) | 255795 |
| 700 ## - ADDED ENTRY--PERSONAL NAME | |
| Personal name | McGourty, Jack. |
| 9 (RLIN) | 255796 |
| 700 ## - ADDED ENTRY--PERSONAL NAME | |
| Personal name | Murthy, Venkatesha. |
| 9 (RLIN) | 255797 |
| 942 ## - ADDED ENTRY ELEMENTS (KOHA) | |
| Source of classification or shelving scheme | Dewey Decimal Classification |
| Koha item type | Book |
| Edition | 6 |
| Call number prefix | 338.04 KAPJ |
| Withdrawn status | Lost status | Source of classification or shelving scheme | Damaged status | Not for loan | Collection code | Home library | Current library | Shelving location | Date acquired | Source of acquisition | Cost, normal purchase price | Inventory number | Total Checkouts | Full call number | Barcode | Date last seen | Cost, replacement price | Price effective from | Koha item type |
|---|---|---|---|---|---|---|---|---|---|---|---|---|---|---|---|---|---|---|---|
| Dewey Decimal Classification | MBA | St Aloysius Institute of Management & Information Technology | St Aloysius Institute of Management & Information Technology | Entrepreneurship | 02/12/2026 | SK Publishers & Distributors | 969.00 | Bill no:SKP4043; Bill dt:2026/2/ | 338.04 KAPJ | MBA15273 | 05/23/2026 | 726.25 | 02/19/2026 | Book |